Sesión Estraordinaria (1era). Perfil del Docente (Record no. 8308)

MARC details
000 -LEADER
campo de control de longitud fija 00423nam a2200133Ia 4500
001 - NÚMERO DE CONTROL
campo de control 4485
008 - DATOS DE LONGITUD FIJA--INFORMACIÓN GENERAL
campo de control de longitud fija 241024s9999 xx 000 0 und d
082 ## - NÚMERO DE LA CLASIFICACIÓN DECIMAL DEWEY
Número de clasificación RD/379.07/R426se/2015/1
100 ## - ENTRADA PRINCIPAL--NOMBRE DE PERSONA
Nombre de persona República Dominicana. Ministerio de Educación. Consejo Nacional de Educación
245 #0 - MENCIÓN DEL TÍTULO
Título Sesión Estraordinaria (1era). Perfil del Docente
260 ## - PUBLICACIÓN, DISTRIBUCIÓN, ETC.
Nombre del editor, distribuidor, etc. Saanto Domingo
Fecha de publicación, distribución, etc. 2016
901 ## - ELEMENTOS DE DATOS A LOCAL LDA (RLIN)
a 19/10/2016 3:11:22 p.m.

No items available.

© 2024. Todos los Derechos Reservados. Desarrollado por IDEICE